Statistiques concernant Pays contenant L - deux minutes sprint

Cliquez ici pour prendre le quiz!

Statistiques générales

  • Ce quiz a été pris 2 078 fois
  • Le résultat moyen est 25 sur 68

Statistiques - réponses

pays% Correct
Lettonie
79%
Lituanie
79%
Allemagne
67%
Brésil
64%
Luxembourg
63%
Portugal
63%
Liban
62%
Algérie
61%
Laos
60%
Libye
59%
Chili
58%
Australie
57%
Islande
57%
Italie
57%
Finlande
56%
Irlande
56%
Albanie
54%
Colombie
53%
Liechtenstein
52%
Belgique
50%
Bolivie
50%
Slovénie
49%
Pologne
48%
Slovaquie
48%
Lesotho
45%
Nouvelle-Zélande
45%
Venezuela
44%
Liberia
41%
Biélorussie
40%
Belize
38%
Bulgarie
38%
Mali
38%
Mongolie
38%
Thaïlande
38%
Guatemala
34%
Israël
34%
Moldavie
34%
Angola
33%
Malaisie
32%
Maldives
31%
Philippines
31%
Sainte-Lucie
29%
Salvador
29%
Malte
28%
Seychelles
28%
Somalie
28%
Malawi
27%
Sénégal
27%
Népal
26%
Tuvalu
26%
Îles Marshall
25%
Palaos
25%
Bangladesh
23%
Salomon
22%
Sri Lanka
22%
Papouasie-
Nouvelle-Guinée
19%
Rép dém Congo
19%
Guinée équatoriale
16%
République
dominicaine
16%
Sierra Leone
14%
République
centrafricaine
11%
Timor-Leste
9%
Palestine
7%
Swaziland
5%
Îles Cook
4%
Groenland
3%
Îles Féroé
3%
Sahara occidental
0%

Distribution des résultats

Percentile par nombre de réponses

% des personnes avec chaque résultat

Votre développement - résultats

Vous n’avez pas pris ce quiz